Latin Quiz 10 - Statistics

General Stats
  • This quiz has been taken 11 times
  • The average score is 6 of 15
Answer Stats
Hint Answer % Correct
Novus new
100%
Mortuus dead
90%
Longus Long
90%
Noster Our
80%
Nunc Now
50%
Nubes cloud
30%
Periculum danger
30%
Onus load
30%
Moveo to move
30%
Periculosus dangerous
20%
Pes Foot
20%
Mox Soon
20%
Olim Once
10%
Pars Region
10%
Pernocto to spend the night
10%
No matching quizzes found
Score Distribution
Percent of People with Each Score
Percentile by Number Answered
Your Score History
You have not taken this quiz